00530 a2200205 4500260001000000630011500010037001200125650003100137100001900168260000800187245002500195300001100220650002500231260000900256300001000265100000700275037001200282037001200294020001800306 aParis a91 - Geographie. exploration de la terre, des diverses regions, des divers pays. Voyages. Geographie regionale b2, WVSC a9 - GEOGRAPHIE ET HISTOIRE aMerlin, Pierre bPUF aGéographie humaine a578 p. aGéographie humaine c1997 b24 cm lFr aDE 9781 aDE 9780 a2-13-050992-4